[Event "Treppenturnier 2023"]
[Site "Turnierstufe"]
[Date "2023.12.17"]
[Round "11-4"]
[White "Schachakademie"]
[Black "Super Nova"]
[Result "1/2-1/2"]
[WhiteElo "1930"]
[BlackElo "1867"]
[PlyCount "105"]

1.e4 d5 2.exd5 Nf6 3.d4 Nxd5 4.c4 {Buchende.} 4...Nb4 5.Qa4+ N8c6 {Buchende.} 
6.a3 e5 $2 {Schon geht es Schwarz nicht sehr gut.} 7.d5 Nxd5 {(-0.98)} 8.cxd5 
{(+1,5)} 8...Qxd5 9.Nc3 Qd4 10.Bb5 Bd7 11.Qb3 Qg4 12.Be2 $2 ( {Einfach:} 
12.Nge2 ) 12...Qxg2 {Geht gefahrlos.} 13.Bf3 Nd4 14.Bxg2 Nxb3 15.Rb1 Bc5 16.Bd5 
Nxc1 17.Rxc1 c6 18.Bg2 O-O 19.Nf3 Rfe8 20.Ne4 Bf8 21.Ke2 Rad8 22.Rhd1 b6 23.Ke3 
f5 24.Nd6 Bxd6 25.Rxd6 f4+ 26.Ke2 c5 27.Rcd1 Bb5+ 28.Ke1 Rxd6 29.Rxd6 e4 30.Ng5 
$16 Bd3 31.Kd2 c4 32.Kc3 $2 f3 33.Bh1 e3 34.fxe3 f2 35.Bg2 f1=R 36.Bxf1 Bxf1 
$10 37.Kd4 h6 38.Ne4 Bh3 39.Nc3 Kf7 40.e4 Rc8 41.e5 Bf5 42.Nb5 c3 43.Nxc3 Be6 
44.Ke4 Rc4+ 45.Rd4 g5 46.Rxc4 Bxc4 47.Kd4 Bf1 48.Nd1 Ke6 49.Nc3 Kd7 50.Ne4 Ke6 
51.Nc3 Kd7 52.Ne4 Ke6 53.Nc3 {Remis 3x.} 1/2-1/2

[Event "Treppenturnier 2023"]
[Site "Turnierstufe"]
[Date "2023.12.19"]
[Round "12-1"]
[White "Schachakademie"]
[Black "Turbo King II EGR II"]
[Result "1/2-1/2"]
[WhiteElo "1928"]
[BlackElo "1915"]
[PlyCount "107"]

1.Nf3 c5 {Buchende.} 2.g3 d5 3.Bg2 {Wieder aus dem Buch:} 3...Nc6 4.d4 
{Buchende.} 4...e6 {Buchende.} 5.Nc3 cxd4 6.Nxd4 Bb4 7.Qd2 $6 e5 8.Nxc6 bxc6 
9.O-O Ba6 10.a3 Bd6 11.Rd1 Nf6 12.Ne4 Nxe4 13.Bxe4 O-O 14.Bh1 Rb8 15.e4 d4 
16.c3 d3 17.b4 Bc4 {Bisher ging's positionell zu Werke, der Turbo King hat alles
unter Kontrolle und sich einen leichten Vorteil erarbeitet.} 18.Qe3 Qb6 19.Bg2 
Rfd8 20.Qxb6 axb6 21.a4 c5 22.a5 $2 {(-0.6) Nun kann Schwarz bereits Kapital aus
seiner guten Stellung schlagen.} 22...cxb4 {(-1.26)} 23.cxb4 Bxb4 24.a6 Ba5 
{Ok, aber es geht bereits tiefsinnig und stark:} ( 24...d2 $1 ) 25.Bd2 Bxa6 {TK
II kann seinen Vorteil nicht festhalten.} ( 25...Ra8 $1 26.Bxa5 bxa5 27.Bf1 a4 
$1 28.Ra3 Rxa6 29.f3 Rad6 {...} ) 26.Bxa5 bxa5 27.Rxa5 Bc4 28.Bf1 Bb5 29.Ra3 
Rb7 30.Rb3 Kf8 31.Bxd3 Bc6 $10 32.Rxb7 Bxb7 33.Rb1 Bc6 34.Rb3 Ke7 35.Rc3 Kd6 
36.Bc2 Rb8 37.f4 f6 38.Rd3+ Kc7 39.Kf2 Bxe4 40.Rc3+ Bc6 41.Be4 Rb6 42.Bxh7 Rb2+ 
43.Rc2 Rxc2+ 44.Bxc2 Kd6 45.Ke3 g5 46.fxg5 fxg5 47.h4 gxh4 48.gxh4 Be8 49.Bd3 
Ke6 50.Be2 Kf5 51.h5 Bc6 52.h6 Kg6 53.Bf3 Bxf3 54.Kxf3 1/2-1/2

[Event "Treppenturnier 2023"]
[Site "Turnierstufe"]
[Date "2023.12.20"]
[Round "12-2"]
[White "Turbo King II EGR II"]
[Black "Schachakademie"]
[Result "1-0"]
[WhiteElo "1915"]
[BlackElo "1928"]
[PlyCount "143"]

1.d4 c6 2.e4 d5 3.Nc3 dxe4 4.Nxe4 Bf5 {Buchende.} 5.Bd3 Qxd4 6.Nf3 {Buchende. So
mag es der TK II, Entwicklungsvorsprung durch Damenjagd.} 6...Qa4 7.Nc3 Qa5 
8.O-O Bxd3 9.Qxd3 Nf6 10.Be3 g6 11.Rfd1 Bg7 12.b4 Qc7 13.Bf4 Qc8 14.Qe2 $6 
{Fragwürdig, denn jetzt kann Schwarz seinen Mehrbauern bequem halten.} ( 14.Re1 
$1 e6 ( 14...O-O 15.Rxe7 Nbd7 16.Rd1 {...} ) 15.Bd6 {...} ) 14...Nbd7 15.Bd6 
O-O 16.Bf4 Rd8 17.Qxe7 Bf8 18.Qe2 Bxb4 19.Qc4 Bxc3 20.Qxc3 Nd5 21.Qd4 Nf8 
22.Bh6 Ne6 23.Qb2 Qc7 24.Ng5 Ndf4 25.Qf6 Rxd1+ $6 ( 25...Rd7 {ist besser.} ) 
26.Rxd1 $10 {Jetzt muss der Mephisto den Bauern zurückgeben, denn es herrscht
Belagerungszustand.} 26...Re8 27.h3 c5 28.Ne4 Re7 $2 {Ein taktischer(!) Fehler.} 
( 28...Nh5 {und alles ist im Lot.} ) 29.Nxc5 {(+1.56)} 29...a6 $2 {(+0.1) Noch
ein Fehler, entschuldbar für einen Oldie, denn der Gegner kann den Gewinn
natürlich auch nicht sehen.} 30.c3 $6 ( {Die Gewinnvariante nach} 30.Rd3 $1 
Ne2+ 31.Kh1 N2f4 32.Nxe6 Nxe6 33.Bd2 Nc5 34.Bc3 Re1+ 35.Bxe1 Nxd3 36.cxd3 {...
ist natürlich weitaus zu tief.} ) 30...Ne2+ 31.Kh1 N2f4 32.Rd4 Qc6 33.f3 ( 
{Noch besser:} 33.Bxf4 $1 Nxf4 34.Rd8+ Re8 35.Qxc6 Rxd8 {...} ) 33...Qc7 34.Rc4 
$3 {Schön. TK II kann auch kräftig zubeißen. (+3.40)} 34...Nh5 35.Nxe6 Nxf6 
36.Nxc7 {Droht der Akademie womöglich etwas...?} 36...Re1+ 37.Kh2 Ne8 38.Nxe8 
Rxe8 39.Rc7 b5 40.Ra7 f5 41.Rxa6 Rc8 42.Rf6 $1 {Nix geht meht für Schwarz.} 
42...Ra8 43.h4 Rc8 44.h5 Kh8 45.Kg3 Ra8 46.Kf4 gxh5 47.g3 Rc8 48.Rxf5 h4 
49.gxh4 Rb8 50.a3 Kg8 51.Rg5+ {Weshalb macht er das? Schwarz war doch gelähmt.} 
51...Kf7 52.Kf5 Rc8 53.Rg7+ Ke8 54.Rg8+ {Deshalb.} 54...Kd7 55.Rxc8 Kxc8 56.Kf6 
Kd7 57.h5 Kd6 58.Bf8+ Kd5 59.Bb4 h6 60.Kf5 Kc4 61.Ke4 Kb3 62.Kd5 {Jetzt macht TK
II es doch sehr umständlich.} 62...Kc2 63.Kc5 Kd3 64.Kxb5 Ke3 65.a4 Kxf3 66.a5 
Kg4 67.a6 Kxh5 68.a7 Kg5 69.a8=Q Kf6 70.Qe8 Kf5 71.Qh5+ Ke4 72.c4 {und gut ist
es. Das schafft auch Turbo King II.} 1-0

[Event "Treppenturnier 2023"]
[Site "Turnierstufe"]
[Date "2023.12.22"]
[Round "12-3"]
[White "Schachakademie"]
[Black "Turbo King II EGR II"]
[Result "1/2-1/2"]
[WhiteElo "1918"]
[BlackElo "1925"]
[PlyCount "133"]

1.d4 Nf6 2.Nf3 {Buchende.} 2...b6 {Buchende.} 3.Nbd2 d5 4.e3 c5 5.c4 cxd4 
6.exd4 Nc6 7.Qa4 Bd7 8.cxd5 Nxd5 9.Bb5 Nb8 $6 ( 9...Qc7 {.} ) 10.Ne5 e6 11.O-O 
Bxb5 12.Qxb5+ Nd7 13.Ne4 a6 14.Qc6 Qc8 15.Qxd7+ Qxd7 16.Nxd7 Kxd7 17.Be3 Bd6 
18.Nxd6 Kxd6 19.Rfd1 Rac8 20.Rac1 Rxc1 21.Rxc1 g6 22.Kf1 Rd8 23.Ke2 h5 24.Bg5 
Re8 25.Bd2 e5 26.Kd3 exd4 27.Rc4 b5 28.Rxd4 Kc5 29.h3 Rd8 30.b4+ Kc6 31.g3 Re8 
32.a3 Nb6 33.Re4 Rd8+ 34.Rd4 Rd5 35.Bh6 Nc4 36.Bc1 Kd6 37.Ke4 f5+ 38.Kd3 Ke6 
39.f4 Rd6 40.Rxd6+ Nxd6 {Ohne größere Verwicklungen sind die Beiden in einem
remislichen Endspiel gelandet.} 41.Bd2 Kd5 42.h4 Ne4 43.Be1 Ke6 44.Kd4 Kd6 
45.Ke3 {Einziger Zug, der kein Material verliert.} ( 45.Kd3 $4 Kd5 {und z.B.} 
46.Ke2 Kd4 47.Bd2 Nxg3+ 48.Kd1 Ke4 49.Kc2 Ne2 50.Kb3 Nd4+ {...} ) 45...Ke7 
46.Kd3 Kd7 47.Kd4 Ke6 48.Ke3 Kd6 49.Kd4 Ke6 50.Ke3 Nf6 51.Kd4 Kd6 52.Bf2 Ne4 
53.Be1 Nf6 54.Bf2 Ke6 55.Be1 {Was sonst?} ( {Das verführerische} 55.Kc5 $6 
{könnte man probieren:} 55...Ne4+ 56.Kb6 Nxf2 57.Kxa6 Ne4 58.Kxb5 Nxg3 59.Kc6 
Ne2 60.b5 Nxf4 61.a4 ( 61.b6 Nd3 62.b7 Ne5+ 63.Kc5 Nd7+ 64.Kd4 Kd6 65.Ke3 Kc7 
66.b8=Q+ Kxb8 {...} ) 61...Nd5 62.a5 f4 63.a6 f3 64.a7 f2 65.a8=Q Ne7+ 66.Kc5 
f1=Q {... aber da bleibt man doch lieber bei einer sicheren 3fachen
Stellungswiederholung.} ) 55...Kd7 56.Ke5 Ke7 57.Kd4 Kd7 58.Ke5 Ng4+ {TK II
weicht der Stellungswiederholung aber immer wieder aus.} 59.Kd4 Kd6 60.Bd2 Nf2 
61.Be1 Ne4 62.Ke3 Kd5 63.Kd3 Kc6 64.Kd4 Kd7 65.Kd5 Nd6 66.Bf2 Ne4 67.Be1 {Genug
des grausamen Spiels - Remis gegeben.} 1/2-1/2

[Event "Treppenturnier 2023"]
[Site "Turnierstufe"]
[Date "2023.12.23"]
[Round "12-4"]
[White "Turbo King II EGR II"]
[Black "Schachakademie"]
[Result "0-1"]
[WhiteElo "1925"]
[BlackElo "1918"]
[PlyCount "147"]

1.Nf3 c5 2.e4 e6 3.d4 cxd4 4.Nxd4 Nc6 5.Nc3 a6 {Buchende.} 6.Bf4 Bb4 $6 7.Qd2 
$6 ( 7.Nxc6 Bxc3+ ( 7...bxc6 8.Qd4 Bf8 9.Be2 Nf6 10.O-O {...} ) 8.bxc3 dxc6 
9.Qxd8+ Kxd8 {...} ) 7...Qa5 8.Nb3 Bxc3 9.bxc3 Qd8 10.Bd6 {Der weiße
Postionsvorteil ist bereits beträchtlich.} 10...b6 11.Bd3 Bb7 12.c4 Nge7 13.c5 
Nc8 14.Qc3 f6 15.Nd2 $6 {Jetzt nicht mehr. Schade um den schönen Läufer:} ( 
15.Bf4 {und z.B:} 15...b5 16.a4 b4 17.Qd2 O-O 18.O-O {...} ) 15...Nxd6 16.cxd6 
Rc8 17.O-O Ne5 18.Qd4 Nxd3 19.Qxd3 {Besser ist es, mit dem Bauern schlagen.} 
19...Rc6 20.a4 Qb8 21.Nc4 Qc8 22.Qg3 $2 ( 22.Ne3 {.} ) 22...O-O 23.Ne3 Rc3 $17 
{Die Schachakademie hat nun klar Oberwasser.} 24.Qf4 Qc6 25.Rfb1 {(-0039) TK II
glaubt noch nicht, dass es ihm schlecht geht.} 25...Rf7 {(-0.5) Und die
Schachakademie weiß auch noch nicht so recht ...} 26.Qg3 Qc5 27.a5 b5 28.Qf4 g5 
{(-1.2)} 29.Qf3 {(-0093)} 29...Qxd6 30.Nf5 Qc6 31.Nh6+ Kg7 32.Qh5 {Die Attacke
schlägt aber nicht durch.} 32...Rf8 33.Re1 Rxc2 34.Ng4 Kg8 35.Qh6 e5 36.f3 Rc3 
37.Red1 b4 38.Rab1 b3 39.Kh1 ( 39.h4 $3 {Hiarcs 15.2 sieht hier ein Remis:} 
39...gxh4 {Andere Gegenzüge seien nachteilig, sagt das Programm.} 40.Kh2 h3 
41.Nxe5 fxe5 42.Rd6 Qc7 43.Rg6+ hxg6 44.Qxg6+ Kh8 45.Qh6+ Kg8 46.Qg6+ {Puhhh
...} ) 39...Qe6 40.Qh3 Bc6 41.Kg1 Kh8 42.Qh6 Rf7 {(-2.2)} 43.Nf2 {(-0154)} 
43...d5 44.exd5 Bxd5 45.Ne4 Rc8 {Nur so bleibt Schwarz im Vorteil.} ( 45...Rc6 
46.Rxb3 Rg7 47.Rb8+ Rc8 48.Rxc8+ Qxc8 49.Rxd5 {, desgleichen passiert nach:} ) 
( 45...Rcc7 {.} ) ( 45...Re3 {noch der zweitbeste Zug.} 46.Rb2 f5 47.Qxg5 fxe4 
48.Qxe3 {...} ) 46.Rd3 Rb8 47.Rbd1 b2 48.Nc3 Bc6 49.Rd8+ Rxd8 50.Rxd8+ Be8 
51.Rb8 Qd7 52.Kh1 b1=Q+ 53.Rxb1 Qd3 54.h4 Qxc3 55.Rb8 Qc1+ 56.Kh2 Qc6 57.hxg5 
e4 58.f4 ( 58.fxe4 $2 Qd6+ ) ( 58.Qh4 exf3 59.gxf6 fxg2 {...} ) ( 58.g6 Rg7 
59.Rb6 Qc7+ 60.f4 e3 61.Re6 Bxg6 {...} ) 58...e3 59.Rb6 Qd5 60.g6 Rg7 {Rest der
Partie in je 1 Std.} 61.Rxf6 Bxg6 62.Qh3 {(-0288)} 62...Bf7 {(-2.9)} 63.Qc8+ 
Bg8 64.Qc2 Qh5+ 65.Kg1 e2 66.Qd2 Qf3 67.Rg6 Qf1+ 68.Kh2 hxg6 69.Qe3 e1=Q 
70.Qxe1 Qxe1 {Mattankündigung.} 71.Kh3 Be6+ 72.f5 Bxf5+ 73.g4 Qg1 74.gxf5 0-1

[Event "Treppenturnier 2023"]
[Site "Turnierstufe"]
[Date "2023.12.26"]
[Round "13-1"]
[White "Turbo King II EGR II"]
[Black "Jade"]
[Result "0-1"]
[WhiteElo "1915"]
[BlackElo "1921"]
[PlyCount "126"]

1.d4 Nf6 2.Nf3 d5 3.c4 dxc4 4.Nc3 c6 5.e4 b5 6.e5 Nd5 7.a4 e6 8.axb5 Nxc3 
9.bxc3 cxb5 10.Ng5 Bb7 {Buchende.} 11.Qh5 g6 12.Qg4 Be7 13.Be2 {Buchende.} 
13...a5 14.Bf4 $6 ( 14.Rb1 {.} ) 14...O-O $6 ( 14...Bd5 {.} ) 15.Rb1 b4 16.O-O 
( 16.Qh4 Bxg5 17.Bxg5 f6 18.Bxf6 Qc7 19.cxb4 axb4 {...} ) 16...Bd5 17.Rfc1 $2 ( 
{Erneut} 17.Qh4 {.} ) 17...h6 18.Nf3 h5 19.Qg3 {Der zaghafte Angriff des Weißen
ist zurückgedrängt, nun spielt die Musik am Damenflügel.} 19...Be4 20.Bh6 Bxb1 
21.Bxf8 Kxf8 22.Rxb1 bxc3 23.Bxc4 Nd7 24.Qf4 Rb8 25.Rc1 g5 26.Qe3 g4 27.Bxe6 
fxe6 $6 {Weiß hat jetzt ein Remis.} ( {Die vorteilhafte Variante} 27...Kg7 $1 
{und dann} 28.Bc4 c2 29.Qf4 ( 29.Nd2 Bg5 30.Qd3 Nxe5 31.dxe5 Qxd3 32.Bxd3 Rd8 
33.Bxc2 Rc8 34.Ra1 Rxc2 35.Nf1 Rc5 {...} ) 29...Rb1 30.Ne1 Rxc1 31.Qxc1 Nb6 
32.Ba2 Qxd4 33.Qxc2 Qxe5 {... ist für Oldies nicht zu berechnen.} ) 28.Qh6+ Kf7 
29.Qxh5+ Kg7 30.Qxg4+ Kf7 $2 ( 30...Kh8 {mit Chance auf Remis.} ) 31.d5 Qb6 $2 
( 31...Nf8 ) 32.Nd4 Nf8 33.d6 $6 ( 33.dxe6+ $1 Nxe6 34.Qf5+ Kg8 35.Nxe6 {...} ) 
( 33.Nc6 $1 Rb7 34.dxe6+ Nxe6 35.Qf5+ Ke8 36.Qxe6 {...} ) 33...Bd8 34.Nxe6 $6 
{Jade kann nun erneut ein Remis erreichen.} 34...Nxe6 35.Qf5+ Kg7 36.Qxe6 Qd4 
37.Qd7+ Kg6 38.e6 $6 {Sieht gut aus, ist es aber nicht.} ( 38.Qe6+ Kg7 39.Qd7+ 
Kg6 ) 38...Bg5 39.Rf1 c2 40.e7 Qc4 $6 ( 40...Qe4 $1 41.g3 {Alles andere verliert
sofort.} ( {z.B.} 41.Qc7 $2 c1=Q 42.Rxc1 Bxc1 43.Qxc1 {...} ) 41...Rg8 42.Qc7 
c1=Q 43.Rxc1 Bxc1 44.Qxc1 Rb8 45.d7 Qxe7 {...} ) 41.e8=Q+ Rxe8 42.Qxe8+ Kh6 
43.Qh8+ Kg6 44.Qa1 $4 {(+0152)} ( 44.Qe8+ Kh6 45.Qh8+ Kg6 {... und Remis.} ) 
44...c1=R {(-0.75)} 45.Rxc1 Qxc1+ {(0.00)} 46.Qxc1 {(+0164)?} 46...Bxc1 
{(+0.70)} 47.d7 {(+0164)??} 47...Bg5 {(+1.04)} 48.f4 {(+0104)??} 48...Bd8 
{(+4.12) Nun denkt der SciSys sehr lange nach.} 49.g4 {und sagt immer noch erst
(+0001).} 49...a4 {(+6.16)} 50.f5+ {(-0093)} 50...Kg5 51.Kf2 {Jetzt hat auch
Turbo King II verstanden: (-0602)} 51...a3 {Kaum zu glauben: für Weiß kommt
dieser Zug unerwartet.} 52.h4+ Kxg4 53.f6 Bxf6 54.h5 a2 55.d8=Q Bxd8 56.Ke3 
a1=Q 57.Kd3 Bf6 58.Ke2 Qb2+ {Mattankündigung.} 59.Ke3 Qb3+ 60.Ke2 Bd4 61.Ke1 
Kf3 62.h6 Bc3+ 63.Kf1 Qd1# 0-1

[Event "Treppenturnier 2023"]
[Site "Turnierstufe"]
[Date "2023.12.27"]
[Round "13-2"]
[White "Jade"]
[Black "Turbo King II EGR II"]
[Result "1/2-1/2"]
[WhiteElo "1931"]
[BlackElo "1905"]
[PlyCount "125"]

1.d4 d5 2.c4 e6 3.Nc3 Nf6 4.Bg5 Be7 5.e3 O-O 6.Nf3 h6 7.Bh4 b6 8.cxd5 Nxd5 
9.Bxe7 Qxe7 10.Nxd5 exd5 11.Rc1 {Buchende.} 11...Bb7 12.Bd3 c5 {Buchende.} 
13.O-O Nc6 14.Re1 cxd4 15.Bb5 Rac8 16.Qa4 Qf6 17.Nxd4 Nxd4 18.Qxd4 Rxc1 19.Rxc1 
Qxd4 20.exd4 Rc8 {Ausgeglichener kann eine Partie wohl kaum verlaufen.} 21.Re1 
f6 22.Bd3 Kf7 23.f3 Rc6 24.g3 Re6 25.Rxe6 Kxe6 26.Kf2 Bc6 27.h4 g5 28.g4 gxh4 
29.Kg2 Ba4 30.Kh3 Bd1 31.f4 Bf3 32.Kxh4 Be4 $4 33.Be2 $2 ( {Jade sieht den
Zwischenzug} 33.f5+ $1 {nicht. Die Variante ist zu langzügig.} 33...Ke7 34.Bxe4 
dxe4 35.Kg3 Kd6 36.Kf4 Kd5 37.Ke3 {... und Weiß gewinnt.} ) 33...Kf7 34.Kg3 Kg6 
35.f5+ Kg5 36.Bb5 Bc2 37.Bf1 $4 {Auch hier können beide den Gewinnweg nicht
sehen.} 37...Bd1 {Na klar.} 38.Bh3 a5 {Jade ist in Zugzwang.} 39.a3 a4 $6 ( {Es
hätte schlimer kommen können:} 39...Be2 $1 {Wartezug.} 40.Bg2 Bxg4 41.Bxd5 h5 
42.Bc6 h4+ 43.Kf2 Kf4 44.b4 axb4 45.axb4 Bxf5 {...} ) 40.Bg2 {Ab jetzt ohne
Fragezeichen.} 40...Bxg4 41.Bxd5 h5 42.Bc6 Kxf5 43.Bxa4 Ke4 44.Be8 f5 45.Bg6 
Kxd4 46.Be8 Ke3 47.Kh2 Be2 48.a4 f4 49.b4 f3 50.Bd7 f2 51.Bh3 Kf3 52.a5 bxa5 
53.bxa5 Bc4 54.Bg2+ Ke2 55.Kg3 Ke1 $4 {Doch noch zwei Fragezeichen, die die Zwei
nicht erkennen können.} ( 55...Ke3 $1 {gewinnt, z.B.} 56.Bh3 h4+ 57.Kxh4 Kf3 
58.Bg4+ Kg2 59.Bh3+ Kh2 60.Kg4 Be2+ 61.Kh4 Ba6 62.Kg4 Bc8+ 63.Kf3 Kg1 64.Bxc8 
f1=Q+ ) 56.Kh4 Bd5 57.Bh3 Bb7 58.Kxh5 Bc8 59.Bg2 {Jade tauscht nicht, also
Remis.} 59...Bb7 60.Bh3 Ba6 61.Bg2 Bc8 62.Kg5 Bb7 63.Bh3 {Remis gegeben.} 1/2-1/2

[Event "Treppenturnier 2023"]
[Site "Turnierstufe"]
[Date "2023.12.28"]
[Round "13-3"]
[White "Turbo King II EGR II"]
[Black "Jade"]
[Result "1-0"]
[WhiteElo "1906"]
[BlackElo "1930"]
[PlyCount "86"]

1.e4 g6 2.d4 Bg7 3.Nf3 d6 4.Nc3 Bg4 {Buchende.} 5.Bc4 {Buchende.} 5...e6 6.Be3 
Nc6 7.Bb5 Ne7 8.d5 a6 9.dxc6 axb5 10.cxb7 Rb8 11.Bg5 Bxc3+ $6 {Der starke
Fianchetto-Läufer verschwindet und überlässt seinem weißen Kollegen das Feld...} 
12.bxc3 Rxb7 13.Bf6 {... und da ist er schon.} 13...O-O 14.O-O Ra7 $6 {Die
freien schwarzen Felder laden den SciSys schön zum Angriff ein.} 15.e5 $6 
{Nimmt die Einladung nicht an.} ( {z.B.} 15.Qd2 Bxf3 16.gxf3 d5 17.Rfb1 e5 
18.Qg5 Re8 19.Rxb5 Qd6 20.Bxe5 Qe6 {...} ) 15...Ra6 16.exd6 Rxd6 17.Qe2 c6 
18.a4 Rd7 19.axb5 Bxf3 $6 ( 19...cxb5 20.Qxb5 Bxf3 21.gxf3 {...} ) 20.Qxf3 cxb5 
21.Rfb1 Rd5 22.Ra7 Rd7 $6 ( 22...Qb8 23.Rxe7 Rf5 24.Qg3 Rxf6 25.Qxb8 Rxb8 {...} 
) 23.Rb7 Rxb7 24.Qxb7 Re8 25.Qxb5 {... und ein sehr wertvoller Bauer ist
futsch.} 25...h6 26.c4 {Avanti.} 26...Qc8 27.Qe5 {(+0176)} 27...Qd7 {(-1.25)} 
28.Qf4 {etwas zaghaft.} ( 28.c5 Nd5 {... oder} ) ( 28.Bh8 Nf5 29.g4 Kh7 30.gxf5 
Rxh8 31.fxg6+ fxg6 32.Qe4 Rc8 33.Rb7 {...} ) 28...Rd8 29.h3 Kh7 30.Ra1 Qe8 
31.c3 Rd3 32.Qe4 Ng8 $2 {(-3.12)} ( 32...Rd8 {Ist das etwas kleinere Übel.} ) 
33.Qxd3 Nxf6 34.Ra7 Kg7 35.Qd6 e5 36.Qe7 Qxe7 37.Rxe7 Ne4 38.Rxe5 Nxc3 {Das
müsste Turbo King II im Schlaf gewinnen.} 39.c5 Nb5 40.c6 Nc7 41.Re7 Nd5 42.Rd7 
Nb6 43.Rd8 Kf6 {(rESn) Jade gibt auf.} 1-0

[Event "Treppenturnier 2023"]
[Site "Turnierstufe"]
[Date "2024.01.01"]
[Round "13-4"]
[White "Jade"]
[Black "Turbo King II EGR II"]
[Result "1-0"]
[WhiteElo "1919"]
[BlackElo "1917"]
[PlyCount "99"]

1.d4 d5 2.c4 e6 3.Nc3 Nf6 4.Bg5 Be7 5.e3 {Buchende.} 5...h6 6.Bxf6 Bxf6 7.cxd5 
exd5 {Buchende.} 8.Rc1 O-O 9.Bd3 c5 10.dxc5 d4 11.exd4 Bxd4 12.b4 a5 13.Nce2 $6 
Re8 ( 13...Bb2 $1 14.Rb1 Ba3 15.b5 Bxc5 16.Nf3 Bb4+ {usw.} ) 14.Bb5 $2 Re4 $6 ( 
{Mit mehr Rechentiefe ginge:} 14...Qh4 $1 15.Nh3 Bxh3 16.O-O Qg5 17.Ng3 Rd8 
18.gxh3 Bxf2+ 19.Rxf2 Rxd1+ 20.Rxd1 {usw.} ) 15.f3 Qf6 16.fxe4 Qf2+ 17.Kd2 axb4 
18.Qb3 $2 {(+2.29??)} ( 18.Nf3 Rxa2+ 19.Rc2 Qe3+ 20.Ke1 Qf2+ 21.Kd2 {...} ) 
18...Qxg2 {(-0016) Hiarcs 15.2 zeigt seit einiger Zeit wechselweise
Gewinnvarianten für Schwarz und Weiß an, das heißt: beide Oldies durchblicken
das Geschehen überhaupt nicht.} 19.Nf3 Be6 20.Bc4 Ra3 21.Nxd4 Rxb3 22.Bxb3 Bxb3 
23.axb3 Qxe4 {Aus dieser Abholzung ist Jade erfolgreicher hervorgegangen. Weiß
hat zwei Türme und den Springer für die Dame und zwei Bauern - allerdings steht
der König etwas luftig. Welcher Oldie behält nun den besseren Überblick?} 
24.Rhf1 {(+2.45)} 24...Qe5 {(+0039)} 25.h4 Nd7 26.Rf5 Qe4 27.h5 Ne5 28.Ra1 Kh7 
29.Ra8 Nc6 30.Rf4 Qd5 31.Rc8 f6 32.Rc7 Na5 33.Ke1 Qe5 34.Rf7 Kg8 35.Rd7 Qxh5 $2 
{Falsch gerechnet.} 36.Ne6 $1 g6 $2 {Erneut zu kurzsichtig.} 37.Rxf6 $1 
{Schwarz ist verloren.} 37...Qh4+ 38.Rf2 Nxb3 {(+0087)?} 39.Rg7+ {(+2.41)} 
39...Kh8 40.Rxg6 Nc1 41.Kf1 Qh3+ 42.Rfg2 {(+2.84) Jetzt erkennt Turbo King, dass
es ein Problem gibt.} 42...Qf3+ 43.Ke1 Qxg2 44.Rxg2 {(+8.79)} 44...Nd3+ 
{(+0723)} 45.Kd1 ( {Matt in 11:} 45.Kd2 Ne5 46.Rg7 Nf3+ 47.Kc2 Ng5 48.N2f4 Nxe6 
49.Nxe6 h5 50.Rxb7 h4 51.c6 h3 52.Rg7 h2 53.c7 b3+ 54.Kxb3 h1=Q 55.c8=Q# ) 
45...Nb2+ 46.Kc2 Nc4 47.Rg7 Na5 {Das kürzt das Ganze ab.} 48.N2f4 
{Mattankündigung.} 48...b3+ 49.Kd3 Nc4 50.Ng6# 1-0

[Event "Treppenturnier 2023"]
[Site "Turnierstufe"]
[Date "2024.01.03"]
[Round "14-1"]
[White "Jade"]
[Black "Super Mondial II"]
[Result "1/2-1/2"]
[WhiteElo "1929"]
[BlackElo "1929"]
[PlyCount "125"]

1.e4 c6 2.d4 d5 3.exd5 cxd5 4.c4 Nf6 5.Nc3 e6 6.Nf3 Be7 {Buchende.} 7.cxd5 Nxd5 
8.Bd3 Nc6 9.O-O {Buchende.} 9...Ncb4 10.Nxd5 Qxd5 11.Bb1 O-O 12.Re1 Qd6 13.Bd2 
Bd7 14.Ne5 Bb5 15.a3 Nd5 16.Qc2 {Man kann's ja mal versuchen ...} 16...f5 
17.Qb3 Nc7 {SuMo II ist schon in Bedrängnis.} 18.Rc1 Qd5 19.Qxd5 ( {Stark, aber
zu tief ist z.B.} 19.Qc3 Bd6 20.Ba2 Qe4 21.Re1 Qh4 22.Bxe6+ Nxe6 23.Qb3 Bxe5 
24.Qxe6+ Kh8 25.Qxe5 {...} ) 19...Nxd5 {Alles ist im Lot.} 20.Bc2 Rac8 21.Bd1 
Bd6 22.b3 g6 23.a4 Ba6 24.Nd7 Rfd8 25.Nc5 Bxc5 26.Rxc5 Rxc5 27.dxc5 e5 28.b4 
Bd3 29.f3 Kg7 30.Bb3 Kf6 31.Rd1 e4 32.Kf2 e3+ $2 33.Bxe3 Nxb4 34.Bc4 $6 ( 
{Besser, aber nicht zu errechnen:} 34.Bd2 Nc6 {und dann z.B.} 35.h4 Rd7 36.Bg5+ 
Kg7 37.Ke3 Nb4 38.Be6 Rc7 39.Rxd3 Nxd3 40.Kxd3 Rxc5 {...} ) 34...f4 35.Bxf4 Rd4 
36.Bxd3 Rxd3 37.Bd2 a5 38.h4 Ke6 39.Ke2 Rd4 40.g3 Kd5 $2 {Sieht gut aus, nach
Abtausch hat Schwarz aber ein verlorenes Bauernendspiel.} 41.h5 $2 {So weit
können aber beide Oldies unmöglich sehen:} ( 41.Bxb4 $1 Rxd1 42.Kxd1 axb4 
43.Kc2 Kxc5 44.Kb3 Kd4 45.Kxb4 Ke3 46.Kb5 Kxf3 47.Kb6 Kxg3 48.a5 Kxh4 49.Kxb7 
g5 50.a6 {1:0} ) 41...Kc6 42.Rh1 Na6 43.Rb1 Nxc5 44.hxg6 hxg6 45.Bxa5 Rxa4 
46.Bc3 Ra2+ 47.Kf1 Rc2 48.Bd4 b5 49.Rb2 Rxb2 50.Bxb2 b4 51.Ke2 {Weiterspielen.
Man weiß ja nie ...} 51...Na4 52.Bd4 b3 53.Kd3 Kd6 54.Bf6 Ke6 55.Bd4 Kd5 56.Bg7 
Kc5 57.f4 Kd5 58.Bf8 Ke6 59.g4 g5 60.fxg5 Kf7 61.Bb4 Kg7 62.Be7 Kg8 63.Bf6 {Das
versiebt keiner der Beiden mehr - also Remis.} 1/2-1/2

[Event "Treppenturnier 2023"]
[Site "Turnierstufe"]
[Date "2024.01.04"]
[Round "14-2"]
[White "Super Mondial II"]
[Black "Jade"]
[Result "1-0"]
[WhiteElo "1929"]
[BlackElo "1929"]
[PlyCount "106"]

1.d4 {Buchende.} 1...b5 {Typisch Novag Oldies: die spielen alles, ohne Rücksicht
auf Verluste.} 2.e4 Bb7 {Buchende. Polnisch für Anfänger.} 3.Nd2 a6 4.c4 c6 $6 
{Jade ist bereits in Schwierigkeiten.} 5.Ngf3 d6 6.a4 Nd7 7.axb5 axb5 8.Rxa8 
{(+0.42)} 8...Qxa8 {(-041)} 9.cxb5 cxb5 10.Bxb5 {Schwarz ist schwer
unterentwickelt.} 10...Bxe4 {Laut Hiarcs hat der Novag bereits verloren,
Bewertung: mehr als 4 Bauerneinheiten.} 11.Bxd7+ Kxd7 12.Nxe4 Qxe4+ 13.Be3 e6 
14.Qa4+ $6 ( 14.Ng5 $1 Qxg2 15.Qa4+ Kd8 16.Nxf7+ Ke7 17.Qa7+ {...} ) 14...Qc6 
15.b3 $2 {SuMo II ist kein Taktiker, der ganze Vorteil ist weg. Vermutlich sieht
er einfach nur den Freibauern auf der a-Linie.} ( 15.Qa7+ Qc7 16.Qa3 Ne7 17.O-O 
Nd5 18.Rc1 Qb8 19.Rc4 Be7 20.Qa4+ {usw.} ) 15...Qxa4 {(+0.50)} 16.bxa4 Be7 
17.O-O $6 {Was soll der König jetzt noch in der Ecke?} 17...Nf6 18.Ra1 Rb8 
19.a5 Nd5 20.Bg5 Bxg5 21.Nxg5 h6 22.Nf3 ( {Natürlich nicht} 22.Nxf7 $2 ) 
22...Nc7 23.Kf1 Kd8 24.Ke2 Rb2+ 25.Nd2 Nb5 26.Kd3 Kc7 27.Ra4 Kb7 28.Ne4 Ka6 
29.h3 h5 30.Nd2 Nc7 31.Kc3 Rb5 32.Nc4 Nd5+ 33.Kc2 {Sieht nach Remis aus.} 
33...Nf4 34.Nxd6 Rxa5 35.Rxa5+ Kxa5 36.Nxf7 Nxg2 37.Ng5 Nf4 $2 {Ein Verlustzug.} 
( {Ein Remis-Weg wäre:} 37...Kb5 38.Kd3 Kc6 39.Nxe6 Kd5 40.Nxg7 Nf4+ 41.Ke3 
Nxh3 42.f3 Ng1 43.f4 h4 44.Nh5 Nh3 45.Nf6+ Kc4 46.Ne4 Nxf4 47.Kxf4 Kxd4 ) 
38.Kd2 Kb5 39.Ke3 {(+1.02)} 39...Nd5+ {(-008)} 40.Ke4 Nc7 41.Ke5 {(+0.69)} 
41...Kc4 {(-062)} 42.h4 $2 {Jetzt hat Jade abermals Remis-Chancen.} ( 42.Nxe6 
$1 Nxe6 ( 42...Ne8 43.f4 Nf6 44.Nxg7 Nd7+ {...} ) ( 42...Nd5 43.Nxg7 Ne7 
44.Nxh5 Nc6+ 45.Ke4 {...} ) 43.Kxe6 Kxd4 44.Kf7 Ke4 45.Kxg7 Kf3 46.Kg6 h4 
47.Kh5 Kxf2 48.Kxh4 {und 1:0} ) 42...Kd3 43.Ne4 g6 $2 ( 43...Ke2 ) 44.Nc5+ Kc3 
$2 {Dahin sollte sich der König nun wirklich nicht orientieren.} 45.Nxe6 Nxe6 
46.Kxe6 {(+1.92) Das war's dann ...} 46...Kxd4 {(-204)} 47.Kf6 Kd5 48.Kxg6 Ke4 
49.Kxh5 Kf5 50.Kh6 Kf6 51.Kh7 Kf7 52.f3 Kf8 53.h5 Kf7 {und Jade gibt auf.} 1-0